000 00655nam a2200241Ia 4500
003 OSt
005 20221007072957.0
006 a|||||r|||| 00| 0
007 ta
008 221006b |||||||| |||| 00| 0 eng d
020 _a0713902477
024 _a13,903
037 _cTextual
040 _aFLL
_cFLL
_beng
041 _2eng
_aeng
082 _aX:3M24:9, L2
100 _aTarbuck Kenneth J.
_9288116
245 0 _aImperialism and the accumulation of capital
260 _aLondon
_bThe Penguin Press London
_c1972
300 _a289p
_ccm.
942 _hX:3M24:9, L2
_cTEXL
_2CC
999 _c1147397
_d1147397